Histoire, de A à Z - Statistiques

Statistiques générales
  • Ce quiz a été pris 129 fois
    116 depuis la dernière actualisation
  • Le résultat moyen est 16 sur 26
Statistiques - réponses
Indices Réponses % Correct
Nelson Mandela a été emprisonné dans années durant pour avoir combattu ce système de domination raciale Apartheid
85%
Ile sur laquelle Napoléon connut l'exil Elbe
84%
Centrale japonaise qui fit l'objet d'un tragique accident nucléaire causé par un séisme puis un tsunami Fukushima
84%
Pays dont les plus récentes ères se nomment Reiwa, Heisei, Showa et Taisho Japon
80%
Chef gaulois défait par Jules César à Alésia Vercingétorix
80%
Bataille s'étant déroulée en Belgique, soldée par la défaite de Napoléon Ier et de l'armée française Waterloo
74%
Ce Louis n'est pas un roi mais un scientifique, pionnier de la microbiologie Pasteur
73%
Cardinal souvent représenté paré de rouge auquel succède Mazarin Richelieu
70%
Institution judiciaire de l'église créée au XIIe siècle dans le but de combattre l'hérésie Inquisition
67%
Nom donnés aux Espagnols qui colonisèrent l'Amérique Conquistadors
65%
Nom de ce physicien considéré comme le père de la bombe atomique Oppenheimer
65%
Conférence marquée par la présence de Roosevelt, Staline et Churchill Yalta
65%
Pharaon dont le tombeau est la grande pyramide de Gizeh Kheops
62%
Figure emblématique de l'action des femmes en France, survivante des camps de concentration Simone Veil
62%
Nom de la République Démocratique du Congo sous le règne de Mobutu Zaïre
60%
Nom d'un ancien ministre de la justice français, guillotiné en 1794 Danton
59%
Période de l'histoire de France s'étendant entre 1793 et 1794, caractérisée par la mise en place d'un gouvernement révolutionnaire visant à endiguer les crises du pays Terreur
59%
Général carthaginois, ennemi de Rome, considéré comme un grand stratège et tacticien militaire Hannibal
56%
Cet âge débutant en 2300 avant JC, a vu naître de nombres invention dont la roue ou l'irrigation Bronze
53%
Nom du ministre en charge de la propagande du régime Nazi pendant la seconde guerre mondiale Goebbels
53%
Nom de la bombe larguée sur la ville d'Hiroshima Little boy
48%
Dernière période de la préhistoire, située entre 5800 et 2500 ans avant notre ère Néolithique
48%
Ce Louis, dit le Juste, était le fils de Marie de Médicis XIII
48%
Nom utilisé pour faire référence aux 23 pays opposés aux Confédérés pendant la guerre de Sécession Union
45%
Fondateur d'un régime dictatorial et totalitaire, également auteur d'un petit livre rouge Mao Zedong
44%
Première dynastie impériale de la Chine durant de 221 à 206 avant JC Qin
44%
Aucun quiz correspondant
Distribution des résultats
% des personnes avec chaque résultat
Percentile par nombre de réponses
Votre historique - résultats
Vous n’avez pas pris ce quiz depuis la dernière actualisation